Sony's Spider-Man Universe: Characters by Picture - Statistics

General Stats
  • This quiz has been taken 41 times
  • The average score is 10 of 32
Answer Stats
Picture Answer % Correct
Venom
100%
Kraven the Hunter
89%
Michael Morbius
86%
Carnage
81%
Madame Web
76%
Rhino
59%
Vulture
57%
Riot
41%
Knull
38%
Mrs. Chen
32%
Ezekiel Sims
30%
Spider-Man
24%
Spider-Woman
24%
Anne Weying
22%
Ben Parker
22%
Calypso
22%
Shriek
22%
Toxin
22%
Chameleon
19%
Milo
19%
Spider-Girl
19%
Araña
16%
Dora Skirth
11%
John Jameson III
11%
Nikolai Kravinoff
11%
Dan Lewis
8%
Mary Parker
8%
Alberto Rodriguez
5%
Martine Bancroft
5%
Camille Pazzo
3%
Emil Nicholas
3%
Simon Stroud
3%
No matching quizzes found
Score Distribution
Percent of People with Each Score
Percentile by Number Answered
Your Score History
You have not taken this quiz